|
|
|
|
| LEADER |
00000nab a2200000uu 4500 |
| 001 |
vtls011450919 |
| 003 |
SK-MaSNL |
| 005 |
20260303151336.0 |
| 008 |
230222|2012 xo |||||||||||||||||eng| |
| 015 |
|
|
|a SNBRB
|
| 035 |
|
|
|a (urnnbn)urn:nbn:sk:snk:ar-006k68
|
| 035 |
|
|
|a (uuid)c1cc2dba-e6ce-4542-a1b0-5061a444fc21
|
| 035 |
|
|
|a urn:nbn:sk:snk-abcmzy
|
| 040 |
|
|
|a SNKBUCL
|b slo
|c SNKBUCL
|e AACR2
|
| 041 |
0 |
|
|a eng
|
| 044 |
|
|
|a xo
|c SK
|
| 100 |
1 |
|
|a YASUHIKO KITADA
|4 aut
|9 1170816
|
| 245 |
1 |
0 |
|a ON THE FIRST PONTRJAGIN CLASS OF HOMOTOPY COMPLEX PROJECTIVE SPACES
|c Yasuhiko Kitada
|
| 773 |
0 |
|
|t Mathematica Slovaca
|g Roč. 62, č. 3 (2012), s. [551]-566
|
| 958 |
|
|
|a OND
|
| 958 |
|
|
|a EUIPO
|
| 958 |
|
|
|a article16
|
| 999 |
|
|
|c 2017162
|d 2019092
|